000 00459nam a2200169Ia 4500
005 20250423101623.0
008 250422s9999 xx 000 0 und d
020 _a978- 1- 56726- 210-0
050 _aHD 69 .P75 .H674/
100 _aRoesmary Hossenlopp
245 0 _aUnearthing business requirements: elicitation tools and techniques
260 _bManagement Concepts
260 _c2008
300 _a211 p
650 _aBusiness planning
942 _cBK
999 _c36777
_d36777